The toxic goldrush /

Discusses the need for regulation of the toxic waste disposal, now that it has become big business.

Bibliographic Details
Corporate Authors: WNET (Television station : New York, N.Y.), Educational Broadcasting Corporation, Films for the Humanities (Firm)
Other Authors: Morris, Bob
Format: Video VHS
Language:English
Published: Princeton, NJ : Films for the Humanities, [1988?]
Series:Currents
Subjects:

MARC

Tag First Indicator Second Indicator Subfields
LEADER 00000cgm a2200000 a 4500
001 in00000937421
005 20150925123741.0
007 vf cbaho-
008 890224p19881986xxu032 g vleng d
035 |a (OCoLC)19258887 
035 |9 AES1451AM 
040 |a VMI  |c VMI  |d TXA  |d UtOrBLW 
049 |a TXAV [A10174997] 
090 |a TD811.5  |b .T68 1988 
245 0 4 |a The toxic goldrush /  |c produced at WNET/Thirteen by the Educational Broadcasting Corporation ; produced by Michael Rosenblum ; directed by Bob Morris. 
264 1 |a Princeton, NJ :  |b Films for the Humanities,  |c [1988?] 
300 |a 1 videocassette (approximately 32 min.) :  |b sound, color ;  |c 1/2 cm. 
336 |a two-dimensional moving image  |b tdi  |2 rdacontent 
337 |a video  |b v  |2 rdamedia 
338 |a videocassette  |b vf  |2 rdacarrier 
490 0 |a Currents 
538 |a VHS. 
508 |a Narrator, Marty Goldensen. 
500 |a Videocassette release of the 1986 production. 
521 |a Environmental Studies. 
520 |a Discusses the need for regulation of the toxic waste disposal, now that it has become big business. 
500 |a "FFH1871." 
500 |a Videorecording. 
650 0 |a Hazardous waste management industry. 
650 0 |a Hazardous waste treatment facilities. 
700 1 |a Morris, Bob. 
710 2 |a WNET (Television station : New York, N.Y.) 
710 2 |a Educational Broadcasting Corporation. 
710 2 |a Films for the Humanities (Firm) 
999 |a MARS 
999 f f |s 4e604041-02b7-3212-8533-d1a686020cba  |i f0cca7e8-69bd-3379-9b81-67a3c5a5dc71  |t 0 
952 f f |a Texas A&M University  |b College Station  |c Sterling C. Evans Library  |d Evans: Media and Reserves (Annex 1st floor)  |t 0  |e TD811.5 .T68 1988  |h Library of Congress classification 
998 f f |a TD811.5 .T68 1988  |t 0  |l Evans: Media and Reserves (Annex 1st floor)